[Event "Samara Polugaevsky Memorial 4th"]
[Site "Samara"]
[Date "2014.07.07"]
[Round "6"]
[White "Shaposhnikov, Evgeny"]
[Black "Kamov, Igor"]
[Result "1-0"]
[WhiteElo "2553"]
[BlackElo "2171"]
[PlyCount "69"]
[EventDate "2014.07.02"]
[EventType "swiss"]
[EventRounds "9"]
[EventCountry "RUS"]
[SourceTitle "CBM 161 Extra"]
[Source "ChessBase"]
[SourceDate "2014.08.29"]
[SourceVersion "1"]
[SourceVersionDate "2014.08.29"]
[SourceQuality "1"]

1. e4 c5 2. Nf3 e6 3. d3 Nc6 4. g3 d5 5. Qe2 Nf6 6. Bg2 Be7 7. 0-0 b6 8. e5 Nd7 9. c4 d4 10. Ne1 Bb7 11. f4 Qc7 12. a3 0-0-0 13. Nf3 h6 14. Nbd2 g5 15. Ne4 g4 16. Ne1 h5 17. Nc2 Rdg8 18. Bd2 Rh7 19. b4 h4 20. Rfb1 hxg3 21. hxg3 Rgh8 22. Kf2 Rg7 23. Rh1 Rhg8 24. Rab1 Kb8 25. Rh5 Rg6 26. Rh7 R6g7 27. Rbh1 Qd8 28. b5 Na5 29. Bxa5 bxa5 30. Kg1 a4 31. Nf2 Bxg2 32. Kxg2 Rxh7 33. Rxh7 f5 34. exf6 Nxf6 35. Rh4 1-0

[Event "Samara Polugaevsky Memorial 4th"]
[Site "Samara"]
[Date "2014.07.05"]
[Round "4"]
[White "Vlassov, Nikolai"]
[Black "Kamov, Igor"]
[Result "0-1"]
[WhiteElo "2471"]
[BlackElo "2171"]
[PlyCount "92"]
[EventDate "2014.07.02"]
[EventType "swiss"]
[EventRounds "9"]
[EventCountry "RUS"]
[SourceTitle "CBM 161 Extra"]
[Source "ChessBase"]
[SourceDate "2014.08.29"]
[SourceVersion "1"]
[SourceVersionDate "2014.08.29"]
[SourceQuality "1"]

1. e4 e6 2. d4 d5 3. exd5 exd5 4. Nf3 Nf6 5. c4 Bb4+ 6. Nc3 0-0 7. Bd3 Re8+ 8. Be3 Bg4 9. 0-0 Nc6 10. c5 Bxc3 11. bxc3 Qd7 12. h3 Bh5 13. Kh2 b6 14. g4 Bxg4 15. hxg4 Nxg4+ 16. Kg3 Nxe3 17. fxe3 bxc5 18. Kf2 Rab8 19. Rb1 c4 20. Bc2 Qd6 21. Rh1 g6 22. Qg1 Rxb1 23. Bxb1 Rb8 24. Qc1 Qe7 25. Bc2 Rb6 26. Ke2 Nd8 27. Qg1 Rb2 28. Ne1 Ne6 29. Qh2 Ng5 30. Rg1 Ne4 31. Rh1 h5 32. Qf4 Rxa2 33. Kf3 Nxc3 34. Rf1 Ra6 35. Kg2 Re6 36. Nf3 Rxe3 37. Ne5 Re2+ 38. Rf2 Rxf2+ 39. Kxf2 f6 40. Bxg6 fxe5 41. dxe5 Qf8 42. Bf5 Ne4+ 43. Kf3 c3 44. e6 c2 45. e7 Qxe7 46. Qh6 Ng5+ 0-1

[Event "Tatarstan-ch op"]
[Site "Kazan"]
[Date "2012.09.07"]
[Round "5"]
[White "Kamov, Igor"]
[Black "Ayupov, Damir"]
[Result "1/2-1/2"]
[WhiteElo "2176"]
[BlackElo "2362"]
[PlyCount "95"]
[EventDate "2012.09.03"]
[EventType "swiss"]
[EventRounds "9"]
[EventCountry "RUS"]
[SourceTitle "CBM 150 Extra"]
[Source "ChessBase"]
[SourceDate "2012.10.19"]
[SourceVersion "1"]
[SourceVersionDate "2012.10.19"]
[SourceQuality "1"]

1. Nf3 c5 2. c4 Nf6 3. g3 b6 4. Bg2 Bb7 5. 0-0 e6 6. Nc3 Be7 7. a3 0-0 8. Rb1 d5 9. cxd5 exd5 10. d4 Na6 11. Ne5 Nc7 12. Qa4 cxd4 13. Qxd4 Ne6 14. Qd1 Rc8 15. Nb5 Nd7 16. Nxd7 Qxd7 17. Nd4 Bf6 18. Be3 Rc4 19. Bh3 Qd6 20. Nb5 Qe5 21. b3 Re4 22. Bg2 Rxe3 23. fxe3 a6 24. e4 dxe4 25. Nd6 Rd8 26. Nxb7 Rxd1 27. Rbxd1 Nd4 28. e3 Nf5 29. Rf4 g6 30. Rxe4 Qb2 31. Nd6 Qe2 32. Re8+ Kg7 33. Nxf5+ gxf5 34. Rf1 Bg5 35. Kh1 Bxe3 36. Rxf5 Qc2 37. Rf1 Bf2 38. Re4 Bc5 39. Ref4 Qxb3 40. Rxf7+ Qxf7 41. Rxf7+ Kxf7 42. Bb7 Bxa3 43. Bxa6 Ke6 44. Kg2 Kd5 45. Kf3 Ke5 46. Bd3 h6 47. g4 b5 48. h4 1/2-1/2

[Event "Tatarstan-ch op"]
[Site "Kazan"]
[Date "2012.09.04"]
[Round "2"]
[White "Kamov, Igor"]
[Black "Sharafiev, Azat"]
[Result "0-1"]
[WhiteElo "2176"]
[BlackElo "2443"]
[PlyCount "110"]
[EventDate "2012.09.03"]
[EventType "swiss"]
[EventRounds "9"]
[EventCountry "RUS"]
[SourceTitle "CBM 150 Extra"]
[Source "ChessBase"]
[SourceDate "2012.10.19"]
[SourceVersion "1"]
[SourceVersionDate "2012.10.19"]
[SourceQuality "1"]

1. d4 Nf6 2. Nf3 g6 3. g3 Bg7 4. Bg2 0-0 5. 0-0 d6 6. c4 Nc6 7. Nc3 a6 8. h3 Bd7 9. e4 e5 10. Be3 Qc8 11. Kh2 exd4 12. Nxd4 Ne5 13. Qe2 c5 14. Nf3 Nxf3+ 15. Qxf3 Be6 16. Qe2 Nd7 17. Nd5 Bxd5 18. exd5 Re8 19. Qc2 b5 20. Rab1 bxc4 21. Qxc4 Rb8 22. b3 Bd4 23. Bf4 Ne5 24. Qc2 Qd8 25. Rfd1 Qf6 26. b4 g5 27. Bxe5 Rxe5 28. bxc5 Rxb1 29. Rxb1 Bxc5 30. Rf1 Qe7 31. Bf3 Qf6 32. Kg2 Kg7 33. Be4 Re7 34. Re1 h5 35. Re2 g4 36. hxg4 hxg4 37. Qc4 Bd4 38. Qd3 Bb6 39. Kf1 Rc7 40. Rc2 Re7 41. Re2 Re5 42. Qb1 Bd4 43. Qc2 a5 44. Bg2 Rh5 45. Be4 Re5 46. Bg2 Rf5 47. Be4 Rh5 48. Bg2 Rg5 49. Qe4 Bc5 50. a4 Rf5 51. Qxg4+ Kf8 52. f4 Qd4 53. Ke1 Bb4+ 54. Kf1 Qd1+ 55. Kf2 Bc5+ 0-1

[Event "Uljanovsk Privolje op"]
[Site "Uljanovsk"]
[Date "2012.02.04"]
[Round "8"]
[White "Ospennikov, Dmitry V"]
[Black "Kamov, Igor"]
[Result "1-0"]
[WhiteElo "2200"]
[BlackElo "2176"]
[PlyCount "79"]
[EventDate "2012.01.31"]
[EventType "swiss"]
[EventRounds "9"]
[EventCountry "RUS"]
[SourceTitle "EXT 2013"]
[Source "ChessBase"]
[SourceDate "2012.11.22"]
[SourceVersion "1"]
[SourceVersionDate "2012.11.22"]
[SourceQuality "1"]

1. e4 c5 2. Nf3 Nf6 3. Nc3 Nc6 4. d4 d5 5. exd5 Nxd5 6. Bb5 Nxc3 7. bxc3 cxd4 8. 0-0 e6 9. cxd4 Be7 10. Re1 0-0 11. Bf4 Bd7 12. c3 Qa5 13. Qb3 Qa3 14. Ng5 h6 15. Ne4 a6 16. Bf1 b5 17. Nc5 Bxc5 18. dxc5 Qxc5 19. Rad1 e5 20. Be3 Qe7 21. Qd5 Rfd8 22. Bb6 Bg4 23. Qxc6 Bxd1 24. Rxd1 Rxd1 25. Qxa8+ Kh7 26. Qc6 f5 27. g3 Qf7 28. Qf3 Ra1 29. Kg2 e4 30. Qe3 Rxa2 31. Bd4 Qd5 32. h4 a5 33. Kh2 b4 34. Bh3 bxc3 35. Qxc3 Qf7 36. Qc8 f4 37. Bf5+ g6 38. Bxe4 fxg3+ 39. Kxg3 h5 40. Qh3 1-0

[Event "Kostroma Volga Cup op"]
[Site "Kostroma"]
[Date "2010.07.??"]
[Round "2"]
[White "Kamov, Igor"]
[Black "Iljushin, Alexei"]
[Result "1/2-1/2"]
[WhiteElo "2172"]
[BlackElo "2533"]
[PlyCount "85"]
[EventDate "2010.07.??"]
[EventType "swiss"]
[EventRounds "9"]
[EventCountry "RUS"]
[SourceTitle "EXT 2011"]
[Source "ChessBase"]
[SourceDate "2010.11.26"]
[SourceVersion "1"]
[SourceVersionDate "2010.11.26"]
[SourceQuality "1"]

1. d4 d5 2. c4 c6 3. e3 Nf6 4. Nf3 Bf5 5. Be2 e6 6. 0-0 Nbd7 7. Nc3 Bd6 8. a3 Ne4 9. cxd5 exd5 10. Nxe4 dxe4 11. Nd2 Nf6 12. Nc4 Bc7 13. Qb3 Qb8 14. h3 0-0 15. Bd2 Be6 16. Qc2 Re8 17. a4 Qc8 18. f4 exf3 19. Rxf3 Ne4 20. Qxe4 Bxc4 21. Qxe8+ Qxe8 22. Bxc4 Kh8 23. Rxf7 Bd6 24. Rxb7 Rb8 25. Rxb8 Qxb8 26. b3 Qe8 27. Rc1 Bb4 28. Bf7 Qe4 29. Bd5 Qxd5 30. Bxb4 Qxb3 31. Rxc6 Qxe3+ 32. Kh1 h6 33. Bc5 Qc1+ 34. Kh2 Qf4+ 35. Kh1 a5 36. d5 Qe4 37. Rc8+ Kh7 38. d6 Qe1+ 39. Kh2 Qe5+ 40. Kh1 Qe1+ 41. Kh2 Qe6 42. Rc7 Qe5+ 43. Kh1 1/2-1/2

[Event "Nezhmetdinov Memorial 32nd"]
[Site "Kazan"]
[Date "2010.06.08"]
[Round "9"]
[White "Kamov, Igor"]
[Black "Alavkin, Arseny Nailievich"]
[Result "1/2-1/2"]
[WhiteElo "2179"]
[BlackElo "2460"]
[PlyCount "104"]
[EventDate "2010.05.31"]
[EventType "swiss"]
[EventRounds "9"]
[EventCountry "RUS"]
[SourceTitle "CBM 136 Extra"]
[Source "ChessBase"]
[SourceDate "2010.07.02"]
[SourceVersion "2"]
[SourceVersionDate "2010.07.15"]
[SourceQuality "1"]

1. d4 Nf6 2. c4 e6 3. Nf3 c5 4. e3 cxd4 5. exd4 d5 6. Nc3 Bb4 7. Qb3 Nc6 8. Bg5 dxc4 9. Bxc4 Be7 10. Rd1 0-0 11. Be2 b6 12. 0-0 Bb7 13. Qa4 Nd5 14. Bc1 Ncb4 15. a3 Nxc3 16. bxc3 Nd5 17. Qb3 Qc7 18. c4 Nf4 19. Bxf4 Qxf4 20. a4 Bd6 21. g3 Qe4 22. Rfe1 Bc6 23. Rd3 Rad8 24. Re3 Qf5 25. Bd3 Qa5 26. Ra1 g6 27. h4 Be7 28. Ne5 Be8 29. Qb2 Qb4 30. Qc2 Rxd4 31. h5 Bf6 32. hxg6 hxg6 33. Qe2 Kg7 34. Rb1 Qc5 35. Ng4 Be7 36. Re5 Qd6 37. Bxg6 Bc6 38. Re1 Rh8 39. Be4 f5 40. Bxc6 Qxc6 41. Nh2 Qxc4 42. Rxe6 Qxe2 43. R1xe2 Bc5 44. a5 Rf8 45. axb6 Bxb6 46. Nf3 Rd5 47. Kg2 Rf6 48. Re7+ Rf7 49. R7e6 Bd8 50. Ra2 Bb6 51. Rae2 Bd8 52. Ra2 Bb6 1/2-1/2

[Event "RUS-chT Clubs U18"]
[Site "Rybinsk"]
[Date "2009.08.08"]
[Round "7"]
[White "Voit, Daria"]
[Black "Kamov, Igor"]
[Result "1/2-1/2"]
[WhiteElo "2285"]
[BlackElo "2182"]
[PlyCount "77"]
[EventDate "2009.08.02"]
[EventType "team-swiss"]
[EventRounds "9"]
[EventCountry "RUS"]
[SourceTitle "CBM 131 Extra"]
[Source "ChessBase"]
[SourceDate "2009.09.03"]
[SourceVersion "2"]
[SourceVersionDate "2009.09.16"]
[SourceQuality "1"]

1. d4 Nf6 2. c4 c5 3. d5 g6 4. Nc3 Bg7 5. e4 0-0 6. Nf3 e6 7. Be2 exd5 8. cxd5 d6 9. 0-0 a6 10. a4 Re8 11. Nd2 Nbd7 12. Qc2 Qc7 13. a5 Rb8 14. f3 Nh5 15. Nc4 Ne5 16. Nb6 Nd7 17. g4 Nhf6 18. Nc4 Ne5 19. Nxe5 Rxe5 20. Na4 Re8 21. Nb6 Nd7 22. Nxd7 Bxd7 23. Bd2 Bb5 24. Bc3 Bxe2 25. Qxe2 Qd7 26. Bxg7 Kxg7 27. b4 Rbc8 28. Rfc1 cxb4 29. Qb2+ Kg8 30. Qxb4 Qe7 31. Rc3 Qg5 32. Rac1 Qd2 33. Rxc8 Qxb4 34. Rxe8+ Kg7 35. Rc7 Qe1+ 36. Kg2 Qe2+ 37. Kg3 Qe1+ 38. Kg2 Qe2+ 39. Kg3 1/2-1/2

[Event "Kostroma Volga Cup op"]
[Site "Kostroma"]
[Date "2009.07.??"]
[Round "8"]
[White "Kamov, Igor"]
[Black "Shchukin, Dmitry"]
[Result "1/2-1/2"]
[WhiteElo "2182"]
[BlackElo "2377"]
[PlyCount "53"]
[EventDate "2009.07.03"]
[EventType "swiss"]
[EventRounds "9"]
[EventCountry "RUS"]
[SourceTitle "EXT 2021"]
[Source "ChessBase"]
[SourceDate "2020.10.23"]
[SourceVersion "1"]
[SourceVersionDate "2020.10.23"]
[SourceQuality "1"]

1. d4 Nf6 2. c4 g6 3. Nc3 Bg7 4. e4 d6 5. Be2 0-0 6. Nf3 Bg4 7. 0-0 Nfd7 8. Be3 Nc6 9. Ne1 Bxe2 10. Nxe2 e5 11. d5 Ne7 12. f3 f5 13. Nd3 c5 14. Nc3 Nf6 15. a3 Qd7 16. Kh1 Rf7 17. b4 b6 18. Qe2 Raf8 19. a4 fxe4 20. fxe4 Ng4 21. Bg1 Rxf1 22. Rxf1 Rxf1 23. Qxf1 cxb4 24. Nxb4 Bh6 25. Qe2 Nf6 26. Nb5 Kg7 27. Na6 1/2-1/2

[Event "Kostroma Volga Cup op"]
[Site "Kostroma"]
[Date "2009.07.??"]
[Round "6"]
[White "Kamov, Igor"]
[Black "Tereshechkina, Maya"]
[Result "1/2-1/2"]
[WhiteElo "2182"]
[BlackElo "1952"]
[PlyCount "47"]
[EventDate "2009.07.03"]
[EventType "swiss"]
[EventRounds "9"]
[EventCountry "RUS"]
[SourceTitle "EXT 2021"]
[Source "ChessBase"]
[SourceDate "2020.10.23"]
[SourceVersion "1"]
[SourceVersionDate "2020.10.23"]
[SourceQuality "1"]

1. d4 d5 2. c4 c6 3. Nf3 Nf6 4. e3 e6 5. Nbd2 Nbd7 6. Bd3 Bd6 7. 0-0 0-0 8. e4 e5 9. exd5 cxd5 10. cxd5 exd4 11. Nc4 Nc5 12. Nxd4 Nxd5 13. Nxd6 Nxd3 14. Nxf7 Nxf2 15. Rxf2 Rxf7 16. Rxf7 Kxf7 17. Qh5+ Kg8 18. Bg5 Nf4 19. Qxh7+ Kxh7 20. Bxd8 Bg4 21. Bg5 Nd3 22. h3 Bh5 23. Rf1 Re8 24. g4 1/2-1/2

[Event "Kostroma Volga Cup op"]
[Site "Kostroma"]
[Date "2009.07.??"]
[Round "7"]
[White "Mironov, Vadim"]
[Black "Kamov, Igor"]
[Result "0-1"]
[WhiteElo "1983"]
[BlackElo "2182"]
[PlyCount "72"]
[EventDate "2009.07.03"]
[EventType "swiss"]
[EventRounds "9"]
[EventCountry "RUS"]
[SourceTitle "EXT 2021"]
[Source "ChessBase"]
[SourceDate "2020.10.23"]
[SourceVersion "1"]
[SourceVersionDate "2020.10.23"]
[SourceQuality "1"]

1. e4 c5 2. Nf3 e6 3. d4 cxd4 4. Nxd4 a6 5. Nc3 Qc7 6. Be2 Nf6 7. 0-0 Be7 8. f4 d6 9. Kh1 0-0 10. Bf3 Nc6 11. Nxc6 bxc6 12. g4 Bb7 13. g5 Nd7 14. Bg2 Rfe8 15. Qh5 g6 16. Qg4 Bf8 17. Be3 Bg7 18. Rf3 d5 19. Bg1 c5 20. Rh3 d4 21. Ne2 Rad8 22. Rb1 a5 23. Bf2 Bc6 24. b3 Qb7 25. Ng3 a4 26. Re1 c4 27. bxc4 Qb2 28. e5 Bxg2+ 29. Kxg2 Qxa2 30. Ne4 Qxc2 31. Nf6+ Nxf6 32. gxf6 Bf8 33. Qd1 Qxc4 34. Rd3 Bc5 35. Qd2 Bb4 36. Qd1 Bxe1 0-1

[Event "Kostroma Volga Cup op"]
[Site "Kostroma"]
[Date "2009.07.??"]
[Round "1"]
[White "Surov, Sergey"]
[Black "Kamov, Igor"]
[Result "1-0"]
[WhiteElo "2323"]
[BlackElo "2182"]
[PlyCount "61"]
[EventDate "2009.07.03"]
[EventType "swiss"]
[EventRounds "9"]
[EventCountry "RUS"]
[SourceTitle "EXT 2021"]
[Source "ChessBase"]
[SourceDate "2020.10.23"]
[SourceVersion "1"]
[SourceVersionDate "2020.10.23"]
[SourceQuality "1"]

1. e4 c5 2. Nc3 e6 3. Nf3 a6 4. d4 cxd4 5. Nxd4 Qc7 6. g3 Nc6 7. Bg2 Nf6 8. 0-0 Nxd4 9. Qxd4 Bc5 10. Qd3 0-0 11. Bf4 e5 12. Bg5 Qc6 13. Bxf6 Qxf6 14. Nd5 Qd8 15. Rad1 d6 16. b4 Bd4 17. c3 Ba7 18. Ne3 Be6 19. Nf5 Qc7 20. Qxd6 Qxc3 21. Rd3 Qb2 22. Rd2 Qc3 23. Rfd1 g6 24. Qe7 gxf5 25. Qg5+ Kh8 26. Qf6+ Kg8 27. exf5 Bc4 28. Be4 h6 29. Qxh6 f6 30. Qg6+ Kh8 31. Rd7 1-0

[Event "RUS-chB U18"]
[Site "Dagomys"]
[Date "2009.04.18"]
[Round "4"]
[White "Kudrin, Oleg"]
[Black "Kamov, Igor"]
[Result "1/2-1/2"]
[WhiteElo "2033"]
[BlackElo "2224"]
[PlyCount "62"]
[EventDate "2009.04.15"]
[EventType "swiss"]
[EventRounds "9"]
[EventCountry "RUS"]
[SourceTitle "EXT 2010"]
[Source "ChessBase"]
[SourceDate "2010.11.25"]
[SourceVersion "1"]
[SourceVersionDate "2010.11.25"]
[SourceQuality "1"]

1. e4 c5 2. f4 e6 3. Nf3 a6 4. c4 Nc6 5. Nc3 Nge7 6. d3 d5 7. g3 b5 8. b3 dxe4 9. dxe4 b4 10. Qxd8+ Nxd8 11. Na4 Ng6 12. Nb6 Rb8 13. Nxc8 Rxc8 14. Bg2 Nc6 15. e5 Nge7 16. Bb2 Nf5 17. Ke2 h5 18. a3 Be7 19. Kf2 0-0 20. Rhd1 Rfd8 21. Rxd8+ Rxd8 22. axb4 Nxb4 23. Ke2 Rd3 24. Ra3 Re3+ 25. Kd2 Rd3+ 26. Ke2 Bd8 27. Ke1 Nd4 28. Bxd4 Rxd4 29. Ra1 f6 30. exf6 Bxf6 31. Ra5 Be7 1/2-1/2

[Event "Privolzhskogo FO-ch"]
[Site "Kazan"]
[Date "2009.01.24"]
[Round "4"]
[White "Kamov, Igor"]
[Black "Ponfilenok, Vladimir"]
[Result "0-1"]
[WhiteElo "2251"]
[BlackElo "2440"]
[PlyCount "82"]
[EventDate "2009.01.21"]
[EventType "swiss"]
[EventRounds "9"]
[EventCountry "RUS"]
[SourceTitle "EXT 2010"]
[Source "ChessBase"]
[SourceDate "2010.11.25"]
[SourceVersion "1"]
[SourceVersionDate "2010.11.25"]
[SourceQuality "1"]

1. d4 e6 2. c4 f5 3. Nc3 Nf6 4. Bg5 Bb4 5. Rc1 h6 6. Bxf6 Qxf6 7. a3 Bxc3+ 8. Rxc3 0-0 9. Nf3 d6 10. g3 Nc6 11. Bg2 e5 12. d5 Ne7 13. 0-0 Bd7 14. e4 f4 15. h3 g5 16. Nh2 Rf7 17. g4 Ng6 18. f3 Nh4 19. Rf2 h5 20. b4 hxg4 21. hxg4 Kg7 22. c5 a5 23. Rb2 axb4 24. axb4 Ra7 25. c6 bxc6 26. dxc6 Be6 27. b5 Qd8 28. Bf1 Qb8 29. b6 cxb6 30. c7 Raxc7 31. Qxd6 Rc8 32. Qxe6 Rxc3 33. Rxb6 Qc7 34. Ra6 Kg8 35. Ra8+ Kh7 36. Ra6 Qc5+ 37. Kh1 Qf8 38. Bc4 Rc7 39. Bf1 Qg7 40. Qe8 Ng6 41. Ra2 Rc2 0-1

[Event "Kazan-ch op 85th"]
[Site "Kazan"]
[Date "2008.11.30"]
[Round "7"]
[White "Gubajdullin, Marsel"]
[Black "Kamov, Igor"]
[Result "1/2-1/2"]
[WhiteElo "2017"]
[BlackElo "2260"]
[PlyCount "151"]
[EventDate "2008.11.22"]
[EventType "swiss"]
[EventRounds "11"]
[EventCountry "RUS"]
[SourceTitle "EXT 2022"]
[Source "ChessBase"]
[SourceDate "2021.10.06"]
[SourceVersion "1"]
[SourceVersionDate "2021.10.06"]
[SourceQuality "1"]

1. d4 Nf6 2. e3 c5 3. c3 d5 4. Bd3 e6 5. Nd2 h6 6. Nh3 Bd6 7. f4 g5 8. e4 g4 9. Nf2 Bxf4 10. e5 Nfd7 11. Qxg4 Qg5 12. Nf3 Qxg4 13. Nxg4 Bxc1 14. Rxc1 h5 15. Ne3 Nc6 16. a3 f6 17. exf6 Nxf6 18. 0-0 Bd7 19. Bb5 Ke7 20. Bxc6 Bxc6 21. Ne5 Rhg8 22. Rf2 Raf8 23. b4 cxd4 24. cxd4 Kd6 25. Rfc2 Bd7 26. Nxd7 Nxd7 27. Rc7 Rb8 28. h3 Rgf8 29. R7c3 Rf4 30. Rd3 Rbf8 31. Rf1 Rxf1+ 32. Nxf1 e5 33. Ne3 e4 34. Rc3 a6 35. a4 a5 36. bxa5 Ra8 37. Nf5+ Ke6 38. Ng7+ Kd6 39. Nf5+ Ke6 40. Ng7+ Ke7 41. Nxh5 Rxa5 42. Nf4 Kd6 43. g4 Rxa4 44. Ne2 Nf8 45. Kf2 Ne6 46. Ke3 Nxd4 47. Nxd4 Ke5 48. Nf3+ exf3 49. Kxf3 b5 50. Re3+ Re4 51. Rb3 b4 52. h4 Rf4+ 53. Kg3 Rc4 54. Re3+ Kd4 55. Re8 b3 56. h5 Rb4 57. Re1 b2 58. Rb1 Ke5 59. Kh4 Kf6 60. Rf1+ Kg7 61. Rb1 Kh6 62. Kg3 Kg5 63. Kf3 Rb3+ 64. Kg2 Kxg4 65. h6 Rg3+ 66. Kh2 Rh3+ 67. Kg2 Rg3+ 68. Kh2 Rh3+ 69. Kg2 Rxh6 70. Rxb2 Kf4 71. Re2 d4 72. Re8 d3 73. Kf2 Rh2+ 74. Ke1 Kf3 75. Kd1 d2 76. Re7 1/2-1/2

[Event "Kazan-ch op 85th"]
[Site "Kazan"]
[Date "2008.11.27"]
[Round "5"]
[White "Kamov, Igor"]
[Black "Lyanguzov, Oleg"]
[Result "1/2-1/2"]
[WhiteElo "2260"]
[BlackElo "2321"]
[PlyCount "50"]
[EventDate "2008.11.22"]
[EventType "swiss"]
[EventRounds "11"]
[EventCountry "RUS"]
[SourceTitle "EXT 2022"]
[Source "ChessBase"]
[SourceDate "2021.10.06"]
[SourceVersion "1"]
[SourceVersionDate "2021.10.06"]
[SourceQuality "1"]

1. d4 Nf6 2. c4 g6 3. Nc3 Bg7 4. Nf3 0-0 5. Bf4 c5 6. d5 d6 7. e4 b5 8. cxb5 a6 9. bxa6 Qb6 10. Qd2 Qb4 11. a3 Qb3 12. Be2 Bxa6 13. 0-0 Bxe2 14. Qxe2 Nbd7 15. Rad1 Nh5 16. Bg5 Rfe8 17. Nd2 Qb7 18. Rfe1 Qa6 19. Qxa6 Rxa6 20. Nc4 Ne5 21. Nxe5 Bxe5 22. b4 Rxa3 23. Nb5 Ra4 24. bxc5 dxc5 25. g3 Rc4 1/2-1/2

[Event "Kazan-ch op 85th"]
[Site "Kazan"]
[Date "2008.11.23"]
[Round "2"]
[White "Kamov, Igor"]
[Black "Gavrilov, Georgiy"]
[Result "1-0"]
[WhiteElo "2260"]
[BlackElo "1967"]
[PlyCount "77"]
[EventDate "2008.11.22"]
[EventType "swiss"]
[EventRounds "11"]
[EventCountry "RUS"]
[SourceTitle "EXT 2022"]
[Source "ChessBase"]
[SourceDate "2021.10.06"]
[SourceVersion "1"]
[SourceVersionDate "2021.10.06"]
[SourceQuality "1"]

1. d4 d6 2. c4 Nf6 3. Nc3 g6 4. e4 Bg7 5. Be2 c6 6. Nf3 Qc7 7. 0-0 0-0 8. Rb1 Nbd7 9. b4 b6 10. Ne1 e5 11. d5 c5 12. a3 a6 13. Qb3 Rb8 14. Be3 Ne8 15. Nd3 f5 16. f3 f4 17. Bf2 g5 18. a4 Bf6 19. Qa2 Bd8 20. a5 cxb4 21. axb6 Nxb6 22. Nxb4 Ra8 23. Nc6 Nd7 24. c5 Bf6 25. Nb5 axb5 26. Qxa8 dxc5 27. Bxb5 Nd6 28. Be2 Bb7 29. Qa5 Rc8 30. Qxc7 Rxc7 31. Na5 Bc8 32. Rfc1 Kf7 33. Nc6 Bb7 34. Bxc5 Nxc5 35. Rxc5 Ke8 36. Bb5 Nxb5 37. Rbxb5 Kd7 38. Rb6 Bg7 39. d6 1-0